Base neurofisiológica para el tratamiento de la parálisis cerebral
Guardat en:
| Autor principal: | |
|---|---|
| Format: | Llibre |
| Idioma: | espanyol |
| Publicat: |
Buenos Aires
Médica Panamericana
1982
|
| Edició: | 2a. ed |
| Matèries: | |
| Etiquetes: |
Afegir etiqueta
Sense etiquetes, Sigues el primer a etiquetar aquest registre!
|
MARC
| LEADER | 00000nam a2200000 a 4500 | ||
|---|---|---|---|
| 001 | UCH3237 | ||
| 003 | CL-VaPUC | ||
| 008 | 090722e19820000AG |||||||||||||||||spa|d | ||
| 020 | |a 9500601761 | ||
| 082 | 0 | 4 | |a 616.836 |b BOB |2 21 |
| 100 | 0 | |a Bobath, Karel |e author |9 538515 | |
| 245 | 1 | 0 | |a Base neurofisiológica para el tratamiento de la parálisis cerebral |
| 250 | |a 2a. ed | ||
| 300 | |a 133 p | ||
| 942 | |c BK | ||
| 945 | |d 20090722 00:00:00 |a cmena | ||
| 260 | |a Buenos Aires |b Médica Panamericana |c 1982 | ||
| 650 | 0 | |a Desarrollo motor |9 313002 | |
| 650 | 7 | |a PARALISIS CEREBRAL |2 CL-VaPUC |9 462770 | |
| 650 | 0 | |a Neurología |9 269802 | |
| 650 | 0 | |a Niños |9 255605 | |
| 650 | 7 | |a ESPASTICIDAD |2 CL-VaPUC |9 538516 | |
| 650 | 7 | |a HEMIPLEJIA |2 CL-VaPUC |9 538517 | |
| 650 | 7 | |a CUADRAPLEJIA |2 CL-VaPUC |9 538518 | |
| 583 | |a last modification |c 20090722 00:00:00 |k Rodrigo Vera | ||
| 999 | |c 334854 |d 334852 | ||
| 952 | |0 0 |1 0 |4 0 |6 616_836000000000000_BOB_1982 |7 0 |8 A |9 424095 |a BIBCUR |b BIBCUR |d 2019-11-22 |i 1088629 |o 616.836 BOB 1982 |p 1088629 |r 2025-04-22 |w 2019-11-22 |y BK |k KIN | ||
| 952 | |0 0 |1 0 |4 0 |6 616_836000000000000_BOB_1982 |7 0 |8 A |9 424096 |a BIBCUR |b BIBCUR |d 2019-11-22 |i 1088637 |l 1 |o 616.836 BOB 1982 |p 1088637 |r 2025-04-22 |s 2023-10-13 |w 2019-11-22 |y BK |k KIN | ||